Middle and Late Pleistocene loess-palaeosol archives in East Croatia multi-proxy palaeoecological studies on Zmajevac and Šarengrad II sequences /

Elmentve itt :
Bibliográfiai részletek
Szerzők: Molnár Dávid
Makó László
Cseh Péter
Sümegi Pál
Fekete István
Galović Lidija
Dokumentumtípus: Cikk
Megjelent: 2021
Sorozat:STUDIA QUATERNARIA 38 No. 1
doi:10.24425/sq.2020.133758

mtmt:31962092
Online Access:http://publicatio.bibl.u-szeged.hu/21741
LEADER 00912nab a2200253 i 4500
001 publ21741
005 20210623093734.0
008 210623s2021 hu o 0|| zxx d
022 |a 1641-5558 
024 7 |a 10.24425/sq.2020.133758  |2 doi 
024 7 |a 31962092  |2 mtmt 
040 |a SZTE Publicatio Repozitórium  |b hun 
041 |a zxx 
100 1 |a Molnár Dávid 
245 1 0 |a Middle and Late Pleistocene loess-palaeosol archives in East Croatia  |h [elektronikus dokumentum] :  |b multi-proxy palaeoecological studies on Zmajevac and Šarengrad II sequences /  |c  Molnár Dávid 
260 |c 2021 
300 |a 3-17 
490 0 |a STUDIA QUATERNARIA  |v 38 No. 1 
700 0 1 |a Makó László  |e aut 
700 0 1 |a Cseh Péter  |e aut 
700 0 1 |a Sümegi Pál  |e aut 
700 0 1 |a Fekete István  |e aut 
700 0 1 |a Galović Lidija  |e aut 
856 4 0 |u http://publicatio.bibl.u-szeged.hu/21741/1/SQ-Molnaretal-SGZM.pdf  |z Dokumentum-elérés